[Event "Taastrup Spil Naar Du Vil V 2010"]
[Site "Taastrup"]
[Date "2010.04.22"]
[Round "4"]
[White "Kirkebaekke, Mark"]
[Black "Zmylon, Frederik Nielsen"]
[Result "1-0"]
[WhiteElo "1423"]
[BlackElo "1510"]
[PlyCount "83"]
[EventDate "2010.??.??"]

1. e4 c5 2. d4 cxd4 3. Nf3 Nc6 4. Nxd4 e5 5. Nf5 g6 6. Nd6+ Bxd6 7. Qxd6 Qf6 8.
Qa3 Qe7 9. c3 Qxa3 10. Nxa3 Nf6 11. f3 d5 12. Bg5 Nd7 13. exd5 Ne7 14. O-O-O f6
15. Bh4 Nf5 16. Bf2 b6 17. Nc4 Bb7 18. g4 b5 19. Na5 Nd6 20. Nxb7 Nxb7 21. Bxb5
Nd6 22. Bc6 Rc8 23. b3 Ke7 24. Kb2 Nb8 25. Ba4 Rc7 26. c4 Na6 27. Rc1 Nc5 28.
Bxc5 Rxc5 29. Kc3 Rhc8 30. Kd3 f5 31. Rhe1 e4+ 32. fxe4 fxe4+ 33. Ke3 Kf6 34.
h4 Ke5 35. Rf1 h5 36. Bd7 R8c7 37. Be6 Rh7 38. Rf4 a5 39. gxh5 Rxh5 40. Rg1
Nf5+ 41. Bxf5 gxf5 42. Rg5 1-0

[Event "Taastrup Spil Naar Du Vil V 2010"]
[Site "Taastrup"]
[Date "2010.04.22"]
[Round "4"]
[White "Pedersen, Ole"]
[Black "Lindgaard, Jorn"]
[Result "0-1"]
[WhiteElo "1346"]
[BlackElo "1300"]
[PlyCount "78"]
[EventDate "2010.??.??"]

1. c4 e5 2. g3 c6 3. Bg2 d5 4. cxd5 cxd5 5. e3 Nf6 6. Ne2 Be7 7. b3 Nc6 8. O-O
Qc7 9. Bb2 Nb4 10. Nbc3 Nd3 11. Rb1 a6 12. Nxd5 Qd6 13. Nxf6+ Bxf6 14. Nc3 O-O
15. Ne4 Qb6 16. Nxf6+ Qxf6 17. Bc3 Re8 18. Qe2 Qg6 19. e4 Qd6 20. b4 b5 21. a3
Ra7 22. Qe3 Rc7 23. Rb3 Be6 24. Bxe5 Nxe5 25. Rc3 Bc4 26. Rd1 Nd3 27. f4 f5 28.
e5 Qd8 29. Qb6 Re6 30. Qe3 Rd7 31. Bf1 Nb2 32. Rdc1 Rxd2 33. Bxc4 Nxc4 34. Rxc4
bxc4 35. Rxc4 Qd5 36. Rc8+ Kf7 37. Rc7+ Kg6 38. Rxg7+ Kxg7 39. Qa7+ Kh6 0-1

[Event "Taastrup Spil Naar Du Vil V 2010"]
[Site "Taastrup"]
[Date "2010.04.22"]
[Round "4"]
[White "Wadtland, Flemming"]
[Black "Ghavamabadi, Mehdi"]
[Result "1/2-1/2"]
[WhiteElo "1249"]
[BlackElo "1375"]
[PlyCount "85"]
[EventDate "2010.??.??"]

1. Nf3 d5 2. c4 Nf6 3. d4 e6 4. Bg5 Be7 5. h3 c6 6. e3 O-O 7. Bxf6 Bxf6 8. Nbd2
Nd7 9. c5 e5 10. Be2 Re8 11. O-O e4 12. Nh2 Nf8 13. f3 Ng6 14. f4 a5 15. Bg4
Bh4 16. f5 Nf8 17. f6 Bxf6 18. Bxc8 Rxc8 19. Qg4 a4 20. Rf2 Ng6 21. g3 Qa5 22.
Raf1 Re6 23. Rxf6 gxf6 24. Rxf6 Rce8 25. Rf2 Qb4 26. h4 Kf8 27. h5 Nh8 28. Qf4
Qxb2 29. Ng4 R8e7 30. Nf6 Rxf6 31. Qxf6 Ke8 32. Qxh8+ Kd7 33. Qg7 f5 34. Qg5
Rf7 35. Nxe4 Qb1+ 36. Rf1 Qxe4 37. g4 f4 38. Qe5 Qxe5 39. dxe5 f3 40. Kf2 Ke6
41. Rb1 Kxe5 42. Rb4 b5 43. a3 1/2-1/2

[Event "Taastrup Spil Naar Du Vil V 2010"]
[Site "Taastrup"]
[Date "2010.04.29"]
[Round "5"]
[White "Ertbjerg, Per"]
[Black "Nielsen, Jan Mose"]
[Result "1-0"]
[WhiteElo "1977"]
[BlackElo "2057"]
[PlyCount "47"]
[EventDate "2010.??.??"]

1. d4 Nf6 2. c4 g6 3. Nc3 d5 4. cxd5 Nxd5 5. e4 Nxc3 6. bxc3 Bg7 7. Bc4 c5 8.
Ne2 Nc6 9. Be3 O-O 10. Rc1 Na5 11. Bd3 Qc7 12. h4 h5 13. O-O Bf6 14. Bg5 Bxg5
15. hxg5 e5 16. f4 exf4 17. Nxf4 Bg4 18. Qd2 cxd4 19. cxd4 Nc6 20. Nd5 Qg3 21.
Bb5 Kg7 22. Rc3 Qh4 23. g3 Qh3 24. Nf4 1-0

[Event "Taastrup Spil Naar Du Vil V 2010"]
[Site "Taastrup"]
[Date "2010.04.29"]
[Round "5"]
[White "Kaaber Hansen, Jacob"]
[Black "Strom, Ebbe"]
[Result "1-0"]
[WhiteElo "2220"]
[BlackElo "1604"]
[PlyCount "95"]
[EventDate "2010.??.??"]

1. e4 e5 2. Nf3 Nc6 3. Bb5 a6 4. Ba4 Nf6 5. O-O b5 6. Bb3 Bc5 7. c3 d6 8. d4
exd4 9. cxd4 Bb6 10. Nc3 O-O 11. a4 b4 12. Nd5 Nxd5 13. Bxd5 Bb7 14. Bg5 Qd7
15. Nh4 Rab8 16. Nf5 Kh8 17. a5 Ba7 18. Qa4 Ba8 19. Rfc1 Rb5 20. Qc2 Nxd4 21.
Nxd4 Bxd4 22. Bxa8 Rxa8 23. Bf4 c5 24. Rd1 Qe6 25. Rd2 f6 26. Qd3 Re8 27. Re2
g5 28. Be3 Be5 29. f3 c4 30. Qd1 Rc8 31. Bb6 b3 32. Rb1 c3 33. bxc3 Rxc3 34.
Rd2 Qc4 35. Rxd6 Bxd6 36. Qxd6 Qf7 37. Bd4 Rc8 38. Qxa6 Rbb8 39. Qxf6+ Qxf6 40.
Bxf6+ Kg8 41. a6 Rb5 42. a7 Ra8 43. Bd4 Kf7 44. Kf2 Ke6 45. Ke3 Kd6 46. Kd3 Kc6
47. Kc4 b2 48. Kc3 1-0

[Event "Taastrup Spil Naar Du Vil V 2010"]
[Site "Taastrup"]
[Date "2010.04.29"]
[Round "5"]
[White "Christensen, Verner"]
[Black "Lauritsen, Martin Lee"]
[Result "0-1"]
[WhiteElo "1885"]
[BlackElo "2047"]
[PlyCount "86"]
[EventDate "2010.??.??"]

1. e4 c5 2. d4 cxd4 3. c3 dxc3 4. Nxc3 Nc6 5. Nf3 e6 6. Bc4 a6 7. O-O Qc7 8.
Qe2 d6 9. Rd1 b5 10. Bb3 b4 11. Na4 Be7 12. Bf4 e5 13. Be3 Nf6 14. Rac1 Qb7 15.
Qc4 Nd8 16. Ng5 Be6 17. Nxe6 Nxe6 18. Nb6 Rd8 19. Ba4+ Kf8 20. f3 g5 21. Nc8 d5
22. exd5 Nxd5 23. Nxe7 Nxe3 24. Rxd8+ Kxe7 25. Qd3 Rxd8 26. Qxe3 Kf6 27. h3 Qd5
28. Rd1 Qc5 29. Qxc5 Rxd1+ 30. Bxd1 Nxc5 31. Bc2 h5 32. Kf2 a5 33. Ke3 h4 34.
Kf2 a4 35. Ke3 Ke6 36. Kf2 f5 37. g3 f4 38. g4 Kd5 39. Ke2 a3 40. bxa3 bxa3 41.
Bh7 Kd4 42. Kd2 e4 43. fxe4 Nxe4+ 0-1

[Event "Taastrup Spil Naar Du Vil V 2010"]
[Site "Taastrup"]
[Date "2010.04.29"]
[Round "5"]
[White "Nielsen, Marianne Izaura"]
[Black "Foslund, Peter"]
[Result "1-0"]
[WhiteElo "1816"]
[BlackElo "1538"]
[PlyCount "69"]
[EventDate "2010.??.??"]

1. e4 c5 2. Nf3 Nc6 3. Bb5 Qc7 4. O-O d6 5. h3 Bd7 6. c3 Nf6 7. Re1 Ne5 8.
Bxd7+ Nexd7 9. d4 e5 10. g4 g6 11. Na3 a6 12. Bg5 Bg7 13. Qd2 h5 14. dxe5 dxe5
15. Bxf6 Nxf6 16. g5 Rd8 17. gxf6 Rxd2 18. fxg7 Rg8 19. Nxd2 Rxg7 20. Nac4 b5
21. Ne3 Qd8 22. Nf3 f6 23. Rad1 Qc8 24. Kh2 f5 25. Ng5 fxe4 26. Nxe4 Kf8 27.
Rd6 Qb7 28. Nxc5 Qf3 29. Ng2 Qxf2 30. Rxe5 Kg8 31. Ne4 Qxb2 32. Ng5 Ra7 33.
Rxg6+ Kf8 34. Rf5+ Ke8 35. Rg8+ 1-0

[Event "Taastrup Spil Naar Du Vil V 2010"]
[Site "Taastrup"]
[Date "2010.04.29"]
[Round "5"]
[White "Jensen, Jan Kargaard"]
[Black "Dalberg, Bent"]
[Result "1/2-1/2"]
[WhiteElo "1661"]
[BlackElo "1534"]
[PlyCount "78"]
[EventDate "2010.??.??"]

1. c4 e5 2. g3 Nc6 3. Bg2 Nf6 4. Nc3 d6 5. Nf3 Be7 6. O-O O-O 7. d4 exd4 8.
Nxd4 Nxd4 9. Qxd4 c6 10. b3 Ne8 11. Bb2 Be6 12. Rad1 Qc7 13. Qf4 Bf6 14. Qc1
Rd8 15. Ne4 Bxb2 16. Qxb2 d5 17. cxd5 Bxd5 18. Ng5 Bxg2 19. Kxg2 Nf6 20. e4
Rfe8 21. f3 h6 22. Nh3 Rd7 23. Rxd7 Qxd7 24. Nf2 Rd8 25. Rd1 Qc7 26. Qc2 Rd7
27. Rd3 Qd8 28. Kf1 Rxd3 29. Qxd3 Qxd3+ 30. Nxd3 Nd7 31. Ke2 Kf8 32. Ke3 Ke7
33. Kd4 f6 34. f4 b6 35. b4 Nf8 36. e5 f5 37. a4 Ne6+ 38. Kc4 Nc7 39. Kd4 Ne6+
1/2-1/2

[Event "Taastrup Spil Naar Du Vil V 2010"]
[Site "Taastrup"]
[Date "2010.04.29"]
[Round "5"]
[White "Olsen, Kim Alex"]
[Black "Meldal, Peter"]
[Result "1-0"]
[WhiteElo "1517"]
[BlackElo "1177"]
[PlyCount "63"]
[EventDate "2010.??.??"]

1. d4 d5 2. c4 c6 3. Nc3 dxc4 4. e4 b5 5. a4 b4 6. Na2 b3 7. Nc3 Ba6 8. Nf3 e6
9. Ne5 c5 10. d5 exd5 11. Qxd5 Qxd5 12. Nxd5 Bd6 13. Nxc4 Bxc4 14. Bxc4 Ne7 15.
Nxe7 Bxe7 16. Bd5 O-O 17. Bxa8 Nd7 18. Bd5 Nf6 19. Bxb3 Nxe4 20. O-O Nf6 21.
Bf4 Rc8 22. Rfe1 Bd8 23. Rac1 h6 24. Bd6 Bb6 25. Re7 Rf8 26. Kf1 Ng4 27. Bxc5
Nxh2+ 28. Kg1 Ng4 29. Bxb6 axb6 30. Rxf7 Rxf7 31. Rc8+ Kh7 32. Bxf7 1-0

[Event "Taastrup Spil Naar Du Vil V 2010"]
[Site "Taastrup"]
[Date "2010.04.29"]
[Round "5"]
[White "Drygaard, Mikkel"]
[Black "Lindgaard, Jorn"]
[Result "0-1"]
[WhiteElo "1101"]
[BlackElo "1300"]
[PlyCount "64"]
[EventDate "2010.??.??"]

1. d4 d5 2. Bf4 e6 3. Nf3 Bd6 4. Bg5 Nf6 5. e3 O-O 6. Bd3 Nbd7 7. Nbd2 b6 8. c3
c5 9. Qc2 Qc7 10. Bxf6 Nxf6 11. O-O-O c4 12. Be2 b5 13. b4 a5 14. a3 axb4 15.
axb4 Qa7 16. Nb1 Ne4 17. Rhf1 Qa1 18. Qb2 Ra2 19. Qxa1 Rxa1 20. Nfd2 Nxc3 21.
Kb2 Rxb1+ 22. Nxb1 Nxd1+ 23. Rxd1 Bxb4 24. Nc3 Bd7 25. f3 Ra8 26. e4 Bxc3+ 27.
Kxc3 Ra3+ 28. Kb2 b4 29. exd5 exd5 30. Rb1 c3+ 31. Kc2 Ba4+ 32. Kd3 c2+ 0-1

[Event "Taastrup Spil Naar Du Vil V 2010"]
[Site "Taastrup"]
[Date "2010.04.29"]
[Round "5"]
[White "Ghavamabadi, Mehdi"]
[Black "Nielsen, Jan"]
[Result "1-0"]
[WhiteElo "1375"]
[BlackElo "1429"]
[PlyCount "69"]
[EventDate "2010.??.??"]

1. e4 e5 2. Nf3 Nc6 3. Bb5 Bc5 4. c3 Nf6 5. O-O Nxe4 6. d4 exd4 7. cxd4 Bb6 8.
Re1 d5 9. Nc3 Bf5 10. Ng5 Bxd4 11. Qxd4 O-O 12. Bxc6 bxc6 13. Ngxe4 dxe4 14.
Be3 Qh4 15. Qc4 Bg6 16. Qxc6 Rab8 17. Rab1 f5 18. Qxc7 Rbc8 19. Qf4 Qe7 20. Nd5
Qe6 21. Red1 Rfd8 22. Nc3 Bh5 23. Rxd8+ Rxd8 24. h3 h6 25. Qh4 Qe8 26. Qg3 g5
27. Bxg5 hxg5 28. Qxg5+ Bg6 29. Ne2 Kf8 30. Nf4 Rd6 31. Rc1 e3 32. Nxg6+ Rxg6
33. Qxf5+ Kg8 34. Rc8 exf2+ 35. Kf1 1-0

[Event "Taastrup Spil Naar Du Vil V 2010"]
[Site "Taastrup"]
[Date "2010.05.06"]
[Round "6"]
[White "Rosenkilde, Alexander"]
[Black "Ertbjerg, Per"]
[Result "1-0"]
[WhiteElo "2205"]
[BlackElo "1977"]
[PlyCount "31"]
[EventDate "2010.??.??"]

1. d4 Nf6 2. c4 e5 3. dxe5 Ne4 4. a3 Nc6 5. Nf3 d6 6. Qc2 Bf5 7. Nc3 Ng3 8. e4
Nxh1 9. exf5 dxe5 10. Be3 Be7 11. Rd1 Qc8 12. Nd5 O-O 13. Nxe5 Bd6 14. Nf3 Ne5
15. Nxe5 Bxe5 16. Ne7+ 1-0

[Event "Taastrup Spil Naar Du Vil V 2010"]
[Site "Taastrup"]
[Date "2010.05.06"]
[Round "6"]
[White "Nielsen, Jan Mose"]
[Black "Lauritsen, Martin Lee"]
[Result "0-1"]
[WhiteElo "2057"]
[BlackElo "2047"]
[PlyCount "47"]
[EventDate "2010.??.??"]

1. e4 e5 2. Bc4 Nc6 3. Nf3 Nf6 4. d4 exd4 5. e5 d5 6. Bb5 Ne4 7. Nxd4 Bd7 8.
Nxc6 bxc6 9. Bd3 Nc5 10. Be2 Be7 11. Be3 O-O 12. Nc3 Ne6 13. O-O f6 14. f4 fxe5
15. f5 Ng5 16. Nxd5 cxd5 17. Qxd5+ Nf7 18. Rad1 Bd6 19. f6 gxf6 20. Bh5 Qe7 21.
Bh6 Be6 22. Bxf8 Rxf8 23. Qd2 f5 24. Rf3 0-1

[Event "Taastrup Spil Naar Du Vil V 2010"]
[Site "Taastrup"]
[Date "2010.05.06"]
[Round "6"]
[White "Strom, Ebbe"]
[Black "Christensen, Verner"]
[Result "0-1"]
[WhiteElo "1604"]
[BlackElo "1885"]
[PlyCount "56"]
[EventDate "2010.??.??"]

1. e4 e5 2. Nf3 Nc6 3. Bb5 f5 4. Bxc6 dxc6 5. Qe2 Nf6 6. d3 fxe4 7. dxe4 Bd6 8.
Bd2 Qe7 9. Bc3 O-O 10. a4 Bg4 11. Nbd2 Kh8 12. h3 Bh5 13. g4 Bf7 14. O-O Nd7
15. b4 Be6 16. Kg2 Rf4 17. Ne1 Raf8 18. Nd3 R4f7 19. f4 exf4 20. e5 Bd5+ 21.
Kg1 Qh4 22. Qh2 Be7 23. Nf3 Qh6 24. Nd4 f3 25. Nf5 Rxf5 26. gxf5 Rxf5 27. Nf2
Qe3 28. Bb2 Rg5+ 0-1

[Event "Taastrup Spil Naar Du Vil V 2010"]
[Site "Taastrup"]
[Date "2010.05.06"]
[Round "6"]
[White "Foslund, Peter"]
[Black "Lindgaard, Jorn"]
[Result "0-1"]
[WhiteElo "1538"]
[BlackElo "1300"]
[PlyCount "78"]
[EventDate "2010.??.??"]

1. c4 e5 2. Nc3 Nf6 3. d3 c6 4. Nf3 Qc7 5. g3 Bb4 6. Bd2 d5 7. cxd5 Nxd5 8. Bg2
O-O 9. Rc1 Nxc3 10. Bxc3 a5 11. Nd2 b5 12. O-O Bb7 13. Ne4 Nd7 14. a3 Bxc3 15.
Nxc3 Qb6 16. Ne4 Rac8 17. Nd6 Rc7 18. Nxb7 Qxb7 19. d4 Qb6 20. d5 cxd5 21. Bxd5
Nf6 22. Bg2 e4 23. Qd2 Rd7 24. Qf4 Qe6 25. Rfd1 Rxd1+ 26. Rxd1 h6 27. h4 Re8
28. Qc1 Rc8 29. Qe3 b4 30. axb4 axb4 31. f3 Rc4 32. Rd8+ Kh7 33. Kh2 Nd5 34.
Qd2 Nf6 35. Bh3 Qb6 36. e3 exf3 37. Qd3+ g6 38. Rf8 Qc7 39. Be6 Rxh4+ 0-1

[Event "Taastrup Spil Naar Du Vil V 2010"]
[Site "Taastrup"]
[Date "2010.05.06"]
[Round "6"]
[White "Jensen, Jan Kargaard"]
[Black "Kirkebaekke, Mark"]
[Result "1/2-1/2"]
[WhiteElo "1661"]
[BlackElo "1423"]
[PlyCount "102"]
[EventDate "2010.??.??"]

1. Nf3 Nc6 2. b3 b6 3. Bb2 Bb7 4. e3 d5 5. Be2 Qd6 6. d4 O-O-O 7. Nbd2 Qg6 8.
Bd3 Qd6 9. O-O f6 10. e4 e5 11. exd5 Qxd5 12. c4 Qd7 13. Qb1 g6 14. d5 Nb4 15.
Be2 Ne7 16. a3 Na6 17. b4 c5 18. b5 Nc7 19. Ne4 Ng8 20. Rd1 Ne8 21. a4 Nd6 22.
a5 Bg7 23. axb6 axb6 24. Nxd6+ Qxd6 25. Ra7 Ne7 26. Qa2 Kc7 27. Ra1 Ra8 28. Qb1
Nf5 29. Nd2 Rxa7 30. Rxa7 Nd4 31. Bxd4 exd4 32. Ne4 Qe5 33. Bf3 Kb8 34. Qa1 Re8
35. Rxb7+ Kxb7 36. Qa6+ Kc7 37. Qa7+ Kd8 38. Qxb6+ Qc7 39. Qxc7+ Kxc7 40. g3
Kb6 41. Kf1 h6 42. g4 Re7 43. h4 g5 44. hxg5 fxg5 45. Ng3 Be5 46. Nf5 Rf7 47.
Be4 Rf6 48. Ke2 Ka5 49. Kd3 Kb4 50. f3 Ka5 51. Ne7 Kb4 1/2-1/2

[Event "Taastrup Spil Naar Du Vil V 2010"]
[Site "Taastrup"]
[Date "2010.05.06"]
[Round "6"]
[White "Dalberg, Bent"]
[Black "Olsen, Kim Alex"]
[Result "1-0"]
[WhiteElo "1534"]
[BlackElo "1517"]
[PlyCount "61"]
[EventDate "2010.??.??"]

1. e4 d6 2. d4 Nf6 3. Nc3 g6 4. Nf3 Bg7 5. Bd3 c6 6. h3 O-O 7. Be3 Qc7 8. Qd2
Nbd7 9. Bh6 b5 10. Bxg7 Kxg7 11. O-O b4 12. Nd1 c5 13. c3 a5 14. Re1 Ba6 15.
Bxa6 Rxa6 16. Rc1 Qb7 17. e5 dxe5 18. Nxe5 Re6 19. Nxd7 Qxd7 20. Rxe6 Qxe6 21.
dxc5 Qxa2 22. cxb4 axb4 23. Qxb4 Nd5 24. Qa3 Qxa3 25. bxa3 Ra8 26. Nc3 Nc7 27.
a4 Kf8 28. Nb5 Nd5 29. c6 Ke8 30. Rc5 e6 31. Rxd5 1-0

[Event "Taastrup Spil Naar Du Vil V 2010"]
[Site "Taastrup"]
[Date "2010.05.06"]
[Round "6"]
[White "Pedersen, Ole"]
[Black "Ghavamabadi, Mehdi"]
[Result "1/2-1/2"]
[WhiteElo "1346"]
[BlackElo "1375"]
[PlyCount "71"]
[EventDate "2010.??.??"]

1. c4 Nf6 2. Nc3 c6 3. e4 e5 4. Nf3 d6 5. d4 exd4 6. Nxd4 Nbd7 7. Bd3 Nc5 8.
Bc2 Bg4 9. Nf3 Ncd7 10. a3 Be7 11. O-O Ne5 12. Qe2 O-O 13. Bd1 Nxf3+ 14. gxf3
Bh5 15. Kh1 Bg6 16. Rg1 Re8 17. Bc2 a5 18. Bf4 Nh5 19. Bg3 Bf6 20. Qd2 Nxg3+
21. fxg3 Be5 22. Rae1 Qd7 23. f4 Bxc3 24. Qxc3 f5 25. e5 dxe5 26. Rxe5 Rxe5 27.
Qxe5 Re8 28. Qc3 c5 29. Qxa5 Qc6+ 30. Rg2 Re2 31. Qd8+ Re8 32. Qd5+ Qxd5 33.
cxd5 Re1+ 34. Rg1 Re2 35. Rg2 Re1+ 36. Rg1 1/2-1/2

[Event "Taastrup Spil Naar Du Vil V 2010"]
[Site "Taastrup"]
[Date "2010.05.06"]
[Round "6"]
[White "Meldal, Peter"]
[Black "Nielsen, Jan"]
[Result "1/2-1/2"]
[WhiteElo "1177"]
[BlackElo "1429"]
[PlyCount "64"]
[EventDate "2010.??.??"]

1. e4 e5 2. Nf3 Nc6 3. Bc4 d6 4. O-O Bg4 5. d3 Nd4 6. Nbd2 f5 7. c3 fxe4 8.
dxe4 Nxf3+ 9. Nxf3 Nf6 10. Re1 h6 11. h3 Bh5 12. Re3 Qd7 13. Qb3 c6 14. a4 Bxf3
15. Rxf3 Be7 16. Bf7+ Kd8 17. Bg6 Rf8 18. Be3 Kc7 19. a5 d5 20. Bf5 Qe8 21.
exd5 Nxd5 22. Bg4 e4 23. Rxf8 Qxf8 24. Bd4 Bf6 25. Rd1 Bxd4 26. Rxd4 e3 27.
fxe3 Nf6 28. Rf4 Qc5 29. Rf5 Qe7 30. Rf4 g5 31. Rf3 Nxg4 32. hxg4 Qe4 1/2-1/2